任天堂の家庭用ゲーム機 - Statistics

General Stats
  • This quiz has been taken 886 times
    401 since last reset
  • The average score is 17 of 39
Answer Stats
発売年 Answer % Correct
2017 Nintendo Switch
97%
1983 ファミリーコンピュータ
94%
2025 Nintendo Switch2
90%
2006 Wii
90%
2011 ニンテンドー3DS
88%
1990 スーパーファミコン
86%
2004 ニンテンドーDS
86%
2012 Wii U
86%
1989 ゲームボーイ
85%
2001 ゲームボーイアドバンス
74%
2001 ニンテンドーゲームキューブ
73%
1996 NINTENDO64
73%
2016 ニンテンドー2DS
63%
2019 Nintendo Switch Lite
62%
1998 ゲームボーイカラー
54%
2012 ニンテンドー3DS LL
54%
2006 ニンテンドーDS Lite
53%
2008 ニンテンドーDSi
42%
1980 ゲーム&ウォッチ
39%
2017 Newニンテンドー2DS LL
36%
1995 バーチャルボーイ
34%
2014 Newニンテンドー3DS
33%
2014 Newニンテンドー3DS LL
29%
2003 ゲームボーイアドバンスSP
28%
1986 ファミリーコンピュータ ディスクシステム
24%
2009 ニンテンドーDSi LL
24%
2005 ゲームボーイミクロ
22%
1996 ゲームボーイポケット
21%
1998 ゲームボーイライト
19%
2016 ニンテンドークラシックミニ ファミリーコンピュータ
16%
1977 カラーテレビゲーム15
15%
2017 ニンテンドークラシックミニ スーパーファミコン
14%
1999 64DD
12%
1977 カラーテレビゲーム6
10%
1979 ブロック崩し
6%
1978 レーシング112
4%
1998 スーパーファミコンジュニア
3%
1980 コンピュータTVゲーム
3%
1993 AV仕様 ファミリーコンピュータ
2%
No matching quizzes found
Score Distribution
Percent of People with Each Score
Percentile by Number Answered
Your Score History
You have not taken this quiz since the last reset